000 00715nam a22002177a 4500
003 UA-OsUOA
001 131290
007 ta
008 20180529b un ||||| |||| 00| 0 ukr d
100 _aБондаренко Ю.
090 _a81
_bБ81
942 _cSA
040 _aUA-OsUOA
_bukr
_cUA-OsUOA
_dUA-OsUOA
245 _aСамостійна робота як спосіб реалізації загальнодидактичних та методико-літературних завдань
300 _aС.24-31
955 _a0
041 _aukr
080 _a81
773 0 _w131286
650 7 _a8 Мовознавство. Художня література. Літературознавство
_2UDC
999 _c419592
_d419592